000 00532nam a22001937a 4500
942 _cBK
999 _c613
_d613
005 20250420134818.0
008 200813b ||||| |||| 00| 0 eng d
020 _a9781589396197
040 _cKCST
082 _a658.4
_bJo Te
100 _aJones, Nolan Vincent
_95080
245 _aTelecommunications management /
_cNolan Vincent Jones
260 _aNew York:
_bVirtualbookworm,
_c2004.
300 _a300 p.
650 _aTelecommunications
_95081
650 _aTelecommunications
_vHistory.
_95082
942 _2ddc